000 00313nam a22001337a 4500
008 171006b xxu||||| |||| 00| 0 eng d
020 _a9780781734349
041 _aeng
080 _28 ED
_a159.9
100 _a49
101 _aPSI
245 _aCOMPREHENSIVE TEXTBOOK PSYCHIATRY
_cSADOCK.V
942 _2udc
_cBK
999 _c32171
_d32171